Online Catalogue and eLibrary

Consumer culture and postmodernism / (Record no. 260)

MARC details
000 -LEADER
fixed length control field 00857cam a2200265 a 4500
001 - CONTROL NUMBER
control field 4363854
005 - DATE AND TIME OF LATEST TRANSACTION
control field 20240201050025.0
008 - FIXED-LENGTH DATA ELEMENTS--GENERAL INFORMATION
fixed length control field 900810s1991 enk b 001 0 eng
020 ## - INTERNATIONAL STANDARD BOOK NUMBER
ISBN 0803984146
020 ## - INTERNATIONAL STANDARD BOOK NUMBER
ISBN 0803984154 (pbk.)
040 ## - CATALOGING SOURCE (பட்டியலாக்க மூலம்)
Original cataloging agency DLC
Transcribing agency DLC
Modifying agency DLC
082 00 - DDC Classification
Class No. 306
DDC Edition Number 20
Item Number - Author Mark MIK.
100 1# - MAIN ENTRY--PERSONAL NAME
Personal name Featherstone, Mike.
245 10 - TITLE STATEMENT
Title Consumer culture and postmodernism /
Statement of responsibility, etc. Mike Featherstone.
260 ## - PUBLICATION, DISTRIBUTION, ETC.
Place of publication, distribution, etc. London ;
-- Newbury Park, Calif. :
Name of publisher, distributor, etc. Sage Publications,
Date of publication, distribution, etc. 1991.
300 ## - PHYSICAL DESCRIPTION
Extent (e.g. Volumes, Pages etc.) xii, 164 p. ;
490 1# - SERIES STATEMENT
Series statement Theory, culture & society
500 ## - GENERAL NOTE
General note Spine title: Consumer culture & postmodernism.
650 #0 - SUBJECT ADDED ENTRY--TOPICAL TERM
Topical term or geographic name entry element Popular culture
650 #0 - SUBJECT ADDED ENTRY--TOPICAL TERM
Topical term or geographic name entry element Postmodernism.
650 #0 - SUBJECT ADDED ENTRY--TOPICAL TERM
Topical term or geographic name entry element Consumers
856 42 - ELECTRONIC LOCATION AND ACCESS
Uniform Resource Identifier <a href="http://www.loc.gov/catdir/enhancements/fy0656/90062833-d.html">http://www.loc.gov/catdir/enhancements/fy0656/90062833-d.html</a>
856 41 - ELECTRONIC LOCATION AND ACCESS
Uniform Resource Identifier <a href="http://www.loc.gov/catdir/enhancements/fy0656/90062833-t.html">http://www.loc.gov/catdir/enhancements/fy0656/90062833-t.html</a>
942 ## - Koha item type (Biblio)
Koha item type Books in Stacks (Lending)
Holdings
Lost status Damaged status Collection code Home library Current library Date acquired Full call number Accession Number Item type
    Lending WERC Library WERC Library 02/01/2024 306 MIK. 2026 Books in Stacks (Lending)

© WERC Library